ARRUPE JESUIT UNIVERSITY

CORONAVIRUS -STOP THE SPREAD - CLEAN,DISINFECT,COVER

Coastal command (Record no. 119529)

MARC details
000 -LEADER
fixed length control field 00514nam a22001337a 4500
008 - FIXED-LENGTH DATA ELEMENTS--GENERAL INFORMATION
fixed length control field 140113b xxu||||| |||| 00| 0 eng d
050 ## - LIBRARY OF CONGRESS CALL NUMBER
Classification number D786.A5 1943
100 ## - MAIN ENTRY--PERSONAL NAME
Personal name Great Britain. War Office
9 (RLIN) 6542
245 ## - TITLE STATEMENT
Title Coastal command
Remainder of title The Air Ministry account of the part played by Coastal Command in the battle of the seas 1939-1942
260 ## - PUBLICATION, DISTRIBUTION, ETC. (IMPRINT)
Place of publication, distribution, etc London
Name of publisher, distributor, etc His Majesty's Stationaryt Office
Date of publication, distribution, etc 1943
300 ## - PHYSICAL DESCRIPTION
Extent 144p.
Dimensions 23cm
650 ## - SUBJECT ADDED ENTRY--TOPICAL TERM
Topical term or geographic name as entry element Great Britain. Royal Air Force - Aerial operations
9 (RLIN) 6543
942 ## - ADDED ENTRY ELEMENTS (KOHA)
Source of classification or shelving scheme Library of Congress Classification
Item type Monograph ( Printed materials)
Holdings
Withdrawn status Lost status Source of classification or shelving scheme Damaged status Not for loan Home library Current library Date acquired Total Checkouts Full call number Barcode Date last seen Price effective from Koha item type
    Library of Congress Classification     ARRUPE LIBRARY ARRUPE LIBRARY 13/01/2014   D786.A5 1943 464122541 13/01/2014 13/01/2014 Monograph ( Printed materials)

 

Arrupe Library. PO Box MP320 Mt Pleasant, Harare, Zimbabwe
263 242 745411|librarian@aju.ac.zw